Normal view
MARC view
Entry Personal Name
001 - CONTROL NUMBER
- control field: 16482
003 - CONTROL NUMBER IDENTIFIER
- control field: OSt
005 - DATE AND TIME OF LATEST TRANSACTION
- control field: 20211101145226.0
008 - FIXED-LENGTH DATA ELEMENTS
- fixed length control field: 211101|| aca||aabn | a|a d
040 ## - CATALOGING SOURCE
- Original cataloging agency: OSt
- Transcribing agency: OSt
100 ## - HEADING--PERSONAL NAME
- Personal name: RICKI GOLDMAN SEGALL
670 ## - SOURCE DATA FOUND
- Source citation: Work cat.: (OSt)16113: RICKI GOLDMAN SEGALL, POINTS OF VIEWING CHILDRENS THINKING , 1998